| 000 | 00763nam a22002537a 4500 | ||
|---|---|---|---|
| 003 | UA-OsUOA | ||
| 001 | 26159 | ||
| 007 | ta | ||
| 008 | 20040517b un ||||| |||| 00| 0 ukr d | ||
| 100 | _aСлободская В.А. | ||
| 090 |
_a51 _bС48 |
||
| 942 | _cBK | ||
| 040 |
_aUA-OsUOA _brus _cUA-OsUOA _dUA-OsUOA |
||
| 245 |
_aКраткий курс высшей математики _bУчебное пособие для студентов высших технических учебных заведений |
||
| 300 | _a544 с. | ||
| 955 | _a0 | ||
| 041 | _arus | ||
| 080 | _a51 | ||
| 260 |
_aМосква _bВысшая школа _c1969 |
||
| 044 | _aRU | ||
| 250 | _n2-е изд., перераб. и доп. | ||
| 650 | 7 | _2UDC | |
| 999 |
_c312472 _d312472 |
||